Symphony no. 5 in C minor, op. 67 (Record no. 132956)
[ view plain ]
| 000 -LEADER | |
|---|---|
| fixed length control field | 01183cam0a220031301 4500 |
| 001 - CONTROL NUMBER | |
| control field | tmp15759766 |
| 003 - CONTROL NUMBER IDENTIFIER | |
| control field | UPRA |
| 005 - DATE AND TIME OF LATEST TRANSACTION | |
| control field | 20190822112347.0 |
| 007 - PHYSICAL DESCRIPTION FIXED FIELD--GENERAL INFORMATION | |
| fixed length control field | sdubmmennuuune |
| 008 - FIXED-LENGTH DATA ELEMENTS--GENERAL INFORMATION | |
| fixed length control field | 951023s1952 enk u |
| 028 02 - PUBLISHER OR DISTRIBUTOR NUMBER | |
| Publisher or distributor number | ALP 1108 H.M.V. |
| Source | ALP 1108 H.M.V. |
| 035 ## - SYSTEM CONTROL NUMBER | |
| System control number | (Sirsi) r51187 |
| 035 ## - SYSTEM CONTROL NUMBER | |
| System control number | (UPRA)tmp15759766 |
| 040 ## - CATALOGING SOURCE | |
| Transcribing agency | UPRA |
| 041 0# - LANGUAGE CODE | |
| Language code of accompanying material other than librettos | eng |
| 100 1# - MAIN ENTRY--PERSONAL NAME | |
| Personal name | Beethoven, Ludwig van, 1770-1827. |
| Dates associated with a name | Beethoven, Ludwig van, 1770-1827. |
| Linkage | A9080.1 |
| 240 ## - UNIFORM TITLE | |
| Uniform title | 10a26.1..1.11 n26.1..13.14 r26.1..28.8 |
| Medium | Sound recording |
| 245 10 - TITLE STATEMENT | |
| Title | Symphony no. 5 in C minor, op. 67 |
| Medium | [sound recording]. |
| 260 ## - PUBLICATION, DISTRIBUTION, ETC. | |
| Place of publication, distribution, etc. | Hayes, Middlesex : |
| Name of publisher, distributor, etc. | H.M.V., |
| Date of publication, distribution, etc. | [1952?] |
| 500 ## - GENERAL NOTE | |
| General note | Sleeves notes. |
| 501 ## - WITH NOTE | |
| With note | With: Beethoven, L. van, Symphony no. 8, op. 93. |
| 511 0# - PARTICIPANT OR PERFORMER NOTE | |
| Participant or performer note | The N.B.C. Symphony Orchestra conducted by Arturo Toscanini. |
| 650 #0 - SUBJECT ADDED ENTRY--TOPICAL TERM | |
| Topical term or geographic name entry element | Symphonies. |
| Linkage | S6145.1 |
| 700 1# - ADDED ENTRY--PERSONAL NAME | |
| Personal name | Toscanini, Arturo, 1867-1957. |
| Dates associated with a name | Toscanini, Arturo, 1867-1957. |
| Linkage | A9131.1 |
| 700 1# - ADDED ENTRY--PERSONAL NAME | |
| Personal name | Beethoven, L. van. Symphony no. 8, op. 93. |
| Title of a work | Beethoven, L. van. Symphony no. 8, op. 93. |
| Linkage | A9115.7 |
| 710 2# - ADDED ENTRY--CORPORATE NAME | |
| Corporate name or jurisdiction name as entry element | NBC Symphony Orchestra. |
| Linkage | A9132.1 |
| 949 ## - LOCAL PROCESSING INFORMATION (OCLC) | |
| a | M1001 |
| w | lcc |
| i | -64907 |
| m | MAIN |
| t | BOOK |
| l | ON-SHELF |
No items available.